<?xml version="1.0" encoding="UTF-8"?><?xml-stylesheet type="text/xsl" href="static/style.xsl"?><OAI-PMH xmlns="http://www.openarchives.org/OAI/2.0/" xmlns:xsi="http://www.w3.org/2001/XMLSchema-instance" xsi:schemaLocation="http://www.openarchives.org/OAI/2.0/ http://www.openarchives.org/OAI/2.0/OAI-PMH.xsd"><responseDate>2026-06-06T04:29:28Z</responseDate><request verb="GetRecord" identifier="oai:riuma.uma.es:10630/45096" metadataPrefix="marc">https://riuma.uma.es/rest/oai/request</request><GetRecord><record><header><identifier>oai:riuma.uma.es:10630/45096</identifier><datestamp>2026-02-03T00:45:56Z</datestamp><setSpec>com_10630_2254</setSpec><setSpec>col_10630_37956</setSpec></header><metadata><record xmlns="http://www.loc.gov/MARC21/slim" xmlns:dcterms="http://purl.org/dc/terms/" xmlns:doc="http://www.lyncode.com/xoai" xmlns:xsi="http://www.w3.org/2001/XMLSchema-instance" xsi:schemaLocation="http://www.loc.gov/MARC21/slim http://www.loc.gov/standards/marcxml/schema/MARC21slim.xsd">
   <leader>00925njm 22002777a 4500</leader>
   <datafield ind2=" " ind1=" " tag="042">
      <subfield code="a">dc</subfield>
   </datafield>
   <datafield ind2=" " ind1=" " tag="720">
      <subfield code="a">Sánchez-Molina, Pablo</subfield>
      <subfield code="e">author</subfield>
   </datafield>
   <datafield ind2=" " ind1=" " tag="260">
      <subfield code="c">2021-03-26</subfield>
   </datafield>
   <datafield ind2=" " ind1=" " tag="520">
      <subfield code="a">A través de la presente monografía se analizan las cláusulas de mayor protección de los derechos humanos. La cláusula de la mayor protección en los tratados sobre derechos humanos se configuró con el objetivo de conciliar la ampliación del número de Estados parte y el mantenimiento del nivel de protección de los derechos en los Estados. En concreto, nos detendremos en las previsiones contenidas en el Convenio Europeo de Derechos Humanos, la Carta de Derechos Fundamentales de la Unión Europea y la Convención Americana de Derechos Humanos. Con carácter previo examinaremos dos teorizaciones relevantes para comprender la gestión del actual pluralismo normativo a nivel internacional: la fragmentación del derecho internacional y el constitucionalismo global.</subfield>
   </datafield>
   <datafield ind1="8" ind2=" " tag="024">
      <subfield code="a">Sánchez-Molina, Pablo (2021): La «mayor protección» como criterio racionalizador de la fragmentación de los derechos humanos en el constitucionalismo global. Thomson Reuters Aranzadi.</subfield>
   </datafield>
   <datafield ind1="8" ind2=" " tag="024">
      <subfield code="a">9788413900865</subfield>
   </datafield>
   <datafield ind1="8" ind2=" " tag="024">
      <subfield code="a">https://hdl.handle.net/10630/45096</subfield>
   </datafield>
   <datafield tag="653" ind2=" " ind1=" ">
      <subfield code="a">Derechos humanos - Interpretación</subfield>
   </datafield>
   <datafield tag="653" ind2=" " ind1=" ">
      <subfield code="a">Pluralismo jurídico</subfield>
   </datafield>
   <datafield ind2="0" ind1="0" tag="245">
      <subfield code="a">La "mayor protección" como criterio racionalizador de la fragmentación de los derechos humanos en el constitucionalismo global</subfield>
   </datafield>
</record>
</metadata></record></GetRecord></OAI-PMH>